[Event "NOR-ch"]
[Site "Norway"]
[Date "1996.??.??"]
[Round "8"]
[White "Tisdall, Jonathan D"]
[Black "Fossan, Erik"]
[Result "1-0"]
[WhiteElo "2515"]
[BlackElo "2360"]
[Annotator "Tisdall,J"]
[PlyCount "109"]
[EventDate "1996.??.??"]
[EventType "swiss"]
[EventRounds "9"]
[EventCountry "NOR"]
[SourceTitle "EXT 1997"]
[Source "ChessBase"]
[SourceDate "1996.11.15"]
[SourceVersion "1"]
[SourceVersionDate "1996.11.15"]
[SourceQuality "1"]

1. e4 {I wanted to destroy my opponent's preparation as early as possible. In
fact, I played 1.e4 in the last half of the recent Copenhagen Open, so it was
not a complete change.} c5 2. Nf3 e6 {After much thought, Erik reasons
correctly that I had prepared 3.Lb5 against 2...Sc6, and sidesteps my plans.
Now I follow plan B.} 3. c3 {Psychology - I decide to use the Fossan's old
favorite.} d5 4. exd5 Qxd5 5. d4 Nf6 6. Be2 cxd4 {Erik again foils my
preparation. I had looked a bit at} (6... Nc6 7. Na3 {for the game, but now am
on my own.}) 7. cxd4 Nc6 8. O-O Be7 9. Nc3 Qd6 10. Nb5 Qb8 $2 {[#]} (10... Qd8
11. Ne5 a6 12. Nxc6 bxc6 13. Nc3 {when white has solved the problem of his
white squared bishop, which wishes to be on f3.}) 11. g3 $1 {A very nasty move
which gives white a strong initiative.} Nd5 (11... Bd6 {was possible when I
calculated the rather insane variation} 12. Ne5 $5 Nxd4 $5 13. Nxf7 $5 Nxe2+
14. Kg2 Kxf7 (14... Nf4+ $5) 15. Nxd6+ {with advantage to white.}) 12. Bc4 a6
13. Bxd5 axb5 14. Be4 Bd7 $6 {Black should hurry up and castle.} 15. d5 exd5
16. Qxd5 Be6 {Black gives up a pawn but otherwise his king may never make it
out of the center.} 17. Qxb5 O-O 18. Bf4 Bd6 $6 {Sheds another pawn, but white
has pressure on both flanks.} 19. Bxh7+ Kxh7 20. Qd3+ Kg8 21. Bxd6 Rd8 22. Rad1
Qc8 23. Ng5 Bf5 24. Qb3 Rd7 25. Rd5 Bg6 26. Rfd1 Na5 27. Qf3 Qe8 28. Bb4 {
Black was creating counterplay with ...f6 or ...Tad8, so white simplifies.}
Rxd5 29. Qxd5 Nc6 30. Re1 Qc8 31. Bc3 Qc7 32. h4 Rd8 33. Qc4 Qd7 34. Qe2 Bd3
35. Qf3 Bf5 36. Qf4 b5 37. a3 Bg6 38. Kh2 Ne7 39. Qe5 {Just to reach the time
control.} (39. Bxg7 Kxg7 40. Qe5+ Kf8 (40... f6 41. Qxe7+ Qxe7 42. Rxe7+ Kf8
43. Re6) 41. Qh8+ Ng8 {does not appear to work for white.}) 39... Nf5 40. Qf4
Nh6 41. f3 {Finally begi nning the process of taking control of the white
squares on the kingside. With a little care there should be no complications.}
Bc2 42. Ne4 Qf5 43. Qxf5 Nxf5 44. h5 Rd3 45. Rc1 Ne3 46. Bd2 Bb3 47. Rc8+ Kh7
48. Bc3 Bd5 (48... Nf1+ 49. Kg2 Ne3+ 50. Kf2 Nd1+ 51. Ke2 Bc4 52. Ng5+ Kh6 53.
Nxf7+ Kxh5 (53... Bxf7 54. Kxd3) 54. Rh8+ Kg6 55. Ne5+) 49. Nf2 Be6 50. Rb8 Rd5
(50... Nd1 51. Nxd1 Rxd1 52. Rxb5) 51. g4 Rc5 52. Ne4 Rd5 {[#]} 53. Nf6+ $1
gxf6 54. Bxf6 Rd2+ 55. Kh3 1-0

[Event "PCA-Wch Candidates m1 playoff"]
[Site "New York"]
[Date "1994.??.??"]
[Round "14"]
[White "Adams, Michael"]
[Black "Tiviakov, Sergei"]
[Result "1-0"]
[WhiteElo "2660"]
[BlackElo "2630"]
[Annotator "Tiviakov,S"]
[PlyCount "183"]
[EventDate "1994.06.??"]
[EventType "match"]
[EventRounds "6"]
[EventCountry "USA"]
[SourceTitle "CBM 042"]
[Source "ChessBase"]
[SourceDate "1994.10.01"]
[SourceVersion "1"]
[SourceVersionDate "1994.10.01"]
[SourceQuality "1"]

1. e4 {Blatny,P} c5 2. c3 Nf6 3. e5 Nd5 4. Nf3 Nc6 5. Bc4 Nb6 6. Be2 d6 7. exd6
e6 8. d4 Bxd6 9. O-O O-O 10. Bd3 g6 (10... cxd4 $6 11. Bxh7+ Kxh7 12. Ng5+ $40)
11. dxc5 Bxc5 12. Qe2 Be7 13. Nbd2 Nd5 $2 (13... Bf6 {/\ Bg7}) 14. Nc4 Qc7 (
14... Bf6 15. Bh6 Re8 16. Rad1 $14) 15. Be4 Nf4 $6 16. Qe3 Nh5 17. Qh6 Re8 (
17... f6 $5 {x g5}) 18. Ng5 Nf6 (18... Bxg5 19. Bxg5 $16) 19. Bxc6 $5 bxc6 (
19... Qxc6 20. Ne5 $16) 20. Re1 Bf8 (20... Bb7 $2 21. Ne5 Rf8 22. Ng4 $18) 21.
Qh4 {/\ Bf4} h6 (21... Bg7 22. Bf4 $16) 22. Nf3 Nh5 (22... g5 23. Nxg5 hxg5 24.
Qxg5+ Bg7 25. Bf4 Qe7 26. Bd6 Qd8 27. Be5 $40) 23. Nfe5 (23. g4 Nf4) 23... Bg7
24. g4 (24. Ng4 Kh7) 24... Nf4 $1 25. Bxf4 g5 26. Bxg5 (26. Qg3 gxf4 27. Qxf4
f6 28. Nd3 e5 $132 (28... Qxf4 29. Nxf4 e5 $44)) 26... hxg5 27. Qxg5 (27. Qh5
$5) 27... f6 28. Qh5 (28. Qg6 Ba6 29. Nd6 Red8) 28... Ba6 29. Nd6 Red8 $1 (
29... Qxd6 30. Qf7+ Kh7 31. Re3 $18) 30. Nef7 (30. Qf7+ Qxf7 31. Nexf7 Rd7 (
31... Rf8 {Blatny,P} 32. Rxe6 Rxf7 33. Nxf7 Kxf7 34. Rxc6 $18) 32. Rxe6 $14)
30... Rxd6 31. Nxd6 Qxd6 32. Rad1 Qe7 33. b3 (33. Qa5 Bc4 34. b3 Bd5 35. c4 Bf3
) 33... e5 (33... c5 $5) 34. Qf5 Bc8 35. Qe4 Bb7 $138 36. Qb4 c5 37. Qc4+ Kf8
38. Qd3 Rc8 39. Qd7 Rc7 (39... c4 $15) 40. Qxe7+ Kxe7 41. Rd3 c4 42. Rg3 Ke6
43. h4 Bh6 $6 44. g5 fxg5 45. hxg5 Bg7 46. g6 Kf5 47. Rd1 Bf6 (47... cxb3 48.
axb3 $13) 48. bxc4 Rg7 (48... Rxc4 {Blatny,P} 49. g7 Rh4 50. Kf1 Ba6+ 51. Kg2
Bb7+ 52. f3 $18) 49. Kf1 Ba6 50. Rf3+ Kg5 (50... Kxg6 {Blatny,P} 51. Rxf6+ Kxf6
52. Rd6+ $18) 51. Rg3+ Kf4 52. Rd6 Bxc4+ 53. Kg2 Bh4 54. Rh3 Kg4 55. Re3 Kf5
56. Rf3+ Kg4 57. Re3 Be7 $2 (57... Kf5 $10) 58. Rd7 Kf5 59. Rg3 a6 $6 (59...
Bxa2 60. Rxa7 Bd5+ $10) 60. a4 Be6 61. Rc7 Bd5+ 62. Kf1 Ke6 63. Ke1 Be4 64. Ra7
Bxg6 65. Rxa6+ Kf5 66. Ra7 Rh7 67. Rg1 e4 $2 (67... Bb4 68. Rxh7 Bxc3+ 69. Ke2
Bxh7 $10) (67... Bc5 {Blatny,P} 68. Rxh7 Bxh7 69. Rg7 Bg6 70. a5 {/\a6}) 68.
Ra5+ Kf4 69. Rxg6 $18 Rh1+ 70. Ke2 Ra1 71. Rg7 Ra2+ 72. Kf1 Bh4 73. Rf7+ Kg4
74. Re5 Rxa4 75. Re8 Bg5 76. Rg8 (76. Rxe4+ Rxe4 77. f3+ $18) 76... Ra5 77.
Rfg7 Kf4 78. Rxg5 Rxg5 79. Rxg5 Kxg5 80. Ke2 Kf4 81. c4 Kf5 82. Ke3 Ke5 83. c5
Kd5 84. c6 Kxc6 85. Kxe4 {CD} Kd6 86. Kf5 Ke7 87. Kg6 Ke6 88. f4 Ke7 89. f5 Kf8
90. Kf6 Ke8 91. Kg7 Kd7 92. f6 1-0

[Event "Fajr op 18th"]
[Site "Mashhad"]
[Date "2010.02.26"]
[Round "11"]
[White "Tiviakov, Sergei"]
[Black "Mahjoob, Morteza"]
[Result "1-0"]
[WhiteElo "2662"]
[BlackElo "2512"]
[Annotator "Tiviakov,S"]
[PlyCount "77"]
[EventDate "2010.02.20"]
[EventType "swiss"]
[EventRounds "11"]
[EventCountry "IRI"]
[SourceTitle "CBM 135"]
[Source "ChessBase"]
[SourceDate "2010.03.17"]
[SourceVersion "1"]
[SourceVersionDate "2010.03.17"]
[SourceQuality "1"]

1. e4 c5 2. Nf3 e6 3. c3 Nf6 4. e5 Nd5 5. Bc4 Nb6 6. Bb3 d6 7. exd6 Nc6 8. O-O
Bxd6 9. d4 cxd4 10. Nxd4 Nxd4 11. Qxd4 e5 $6 $146 (11... O-O 12. Rd1 (12. Nd2
e5 (12... Be7 13. Qe4 $14 {Rogozenko}) (12... Nd5 $5 {Rogozenko}) (12... Qc7
13. Nf3 e5 $142 {Rogozenko} (13... Bd7 $6 14. Rd1 Be7 (14... Nc8 $2 15. Qd3 Bc6
(15... h6 16. Bc2 f5 17. Bb3 $16 {Rogozenko}) 16. Ng5 g6 17. Qh3 h5 18. g4 Bf4
(18... Bxh2+ $2 19. Qxh2 Qxh2+ 20. Kxh2 hxg4 21. Kg3 Ne7 22. Kxg4 {1-0
Tiviakov,S-Rahman,T/Dhaka 2003/CBM 095/[Rogozenko]}) 19. gxh5 Qe5 20. Nf3 Bxf3
21. Qxf3 Bxc1 22. Raxc1 Qxh5 23. Qxh5 gxh5 24. Rd7 $16 {Rogozenko}) 15. Bf4 Qc5
16. Ne5 $5 Qxd4 17. Rxd4 $14 {Rogozenko})) 13. Qe3 Qc7 14. Ne4 Be7 $11 {
Rogozenko}) 12... Be7 (12... Bc7 13. Qc5 Nd7 14. Qh5 Qf6 15. Bc2 g6 16. Qh3 Ne5
17. Nd2 Rd8 18. Ne4 Rxd1+ 19. Bxd1 Qf5 20. Qh4 Bb6 21. Nf6+ Kg7 22. Bh6+ Kh8
23. Bf4 Bxf2+ 24. Kxf2 Ng4+ 25. Nxg4 Qxf4+ 26. Bf3 Qd2+ 27. Kg1 Qxb2 28. Qf6+
Kg8 29. Nh6+ Kf8 30. Qxf7# {1-0 Zemella,J-Dobrusina,A/Willingen 2006/EXT 2007 
(30)}) 13. Qg4 (13. Qe4 Qe8 (13... Qc7 14. Bf4 Qc5 15. Nd2 Nd5 16. Be5 Bf6 17.
Nf3 Bxe5 18. Qxe5 f6 19. Qe4 Nc7 20. Nd4 Qb6 21. Nf5 Kh8 22. Nd6 g6 23. Qh4 Qc6
24. Qh6 Kg8 25. Rd4 Nd5 26. Rh4 Qd7 27. Bxd5 exd5 28. Rd1 Qe7 29. Nxc8 Raxc8
30. Rhd4 Rfe8 31. Qd2 Rc5 32. h3 Qf7 33. b4 Rc4 34. Rxd5 Re7 35. Qh6 Rxc3 36.
Rd8+ Re8 37. R1d7 {1-0 Proehl,H-Allwermann,C/Bad Woerishofen 1999/EXT 2000 (37)
}) 14. Bf4 Nd7 15. Bc2 Nf6 16. Qd3 Bd7 17. Bg5 Bb5 18. Qh3 h6 19. Bxh6 gxh6 20.
Qxh6 Rd8 21. Rxd8 Bxd8 22. Na3 Bc6 23. Re1 Qd7 24. Re3 Be4 25. Rh3 Nh7 26. Rg3+
Bg6 27. h3 Kh8 28. Bxg6 fxg6 29. Qxg6 Bc7 30. Rd3 Qf7 31. Qxf7 Rxf7 32. f3 Nf6
33. Nb5 Bb6+ 34. Kh1 Nd5 35. Nd6 Rg7 36. Ne4 Rxg2 37. Kxg2 Nf4+ 38. Kg3 Nxd3
39. b3 Nc1 40. Ng5 Nxa2 41. Nxe6 Nxc3 42. h4 Ne2+ 43. Kg4 Nd4 44. Ng5 Nxb3 45.
Kf5 Kg7 46. Ke4 a5 47. Kd3 Kg6 48. Kc4 Nd4 49. Ne4 Nf5 50. Nc3 Nxh4 51. Kb5 Bd8
52. Na4 Nf5 {0-1 Nogueira,N-Pereira,A/Lisbon 1994/EXT 1998 (52)}) 13... Qc7 14.
Bh6 Bf6 15. Nd2 e5 16. Qf3 Kh8 17. Ne4 Be7 18. Bg5 f6 19. Be3 Nc4 20. Ng3 Be6
21. Nf5 Rfe8 22. Bc2 Bf8 {1/2-1/2 Pinter,A-Mayerhofer,P/Finkenstein 1994/EXT
1997 (22)}) (11... Qc7 12. h3 (12. Qxg7 Bxh2+ 13. Kh1 Be5 14. Qh6 Rg8 $132 {
Rogozenko}) 12... Be5 13. Qg4 h5 14. Qf3 Bd7 15. Be3 Bc6 16. Qe2 O-O-O 17. Nd2
g5 18. Bxb6 axb6 19. Nc4 Bf4 20. Rad1 Rdg8 21. Rd3 h4 22. Nd2 g4 23. hxg4 Bxd2
24. Qxd2 Rxg4 {0-1 Buchmann,P-Iwaszko,P/Bischwiller 1999/EXT 2001 (24)}) 12.
Qd3 O-O (12... Bc7 13. Qg3 Qf6 14. Be3 $14 (14. Na3 $14) (14. Re1 O-O 15. Nd2
$14)) 13. Be3 (13. Rd1 Bc7 14. Qe4 $14) 13... Bg4 (13... Qc7 $142 $14) 14. Nd2
(14. f3 Bh5 (14... Bc8 15. Rd1 $14) 15. Rd1 Bc7 16. Qe4 Qc8 $14) 14... Bc7 (
14... Bc5 15. Qxd8 Rfxd8 16. Bxc5 Rxd2 17. f3 Bf5 18. Rf2 $16 {_|_ ^^}) 15. Qe4
Qc8 16. Bxb6 axb6 (16... Bf5 17. Qe3 Bxb6 (17... axb6 18. Rad1 $16) 18. Qxe5
$16) (16... Bxb6 17. Nc4 (17. Qxe5 $16) 17... Bc7 18. Nxe5 $16) 17. Nc4 Re8 (
17... Bf5 18. Qe2 $16 {/\Ne3-d5}) 18. Ne3 (18. Bc2 $5 g6 19. Ne3 Be6 20. Bb3
$16) 18... Bh5 19. Nd5 {(/\Qh4)} (19. Bc2 $6 Bg6 20. Qc4 e4 $14) 19... Qd8 (
19... Bd8 20. f4 $16) 20. Rfe1 $5 (20. Qe3 $16) 20... Kh8 (20... Bd6 $5) 21.
Nxc7 Qxc7 22. Qh4 Bg6 23. Rad1 f5 $6 (23... f6 $142 $16) 24. Qc4 (24. Rd2 $16)
24... Qe7 (24... Qxc4 25. Bxc4 $16 {><b7, b6}) 25. Qb5 Qf6 26. Qd7 (26. Rd7 $16
) 26... Rad8 27. Qxb7 Rxd1 (27... Bh5 28. Rd5 $16) 28. Rxd1 h5 29. Ba4 (29. Qc7
$18) 29... Rd8 30. Rxd8+ Qxd8 31. h3 Kh7 (31... Qd2 32. Qxb6 Qc1+ 33. Kh2 Qf4+
34. g3 Qxa4 35. Qxg6 $18) 32. Bb3 h4 33. Qd5 Qc7 34. Qd2 f4 (34... Qe7 $142 $18
) 35. Qd5 Kh6 (35... Bf5 36. Qf7 $5 $18) 36. Qe6 Kh7 37. Bd5 b5 38. a3 $22 Qb8
39. Qe7 1-0

[Event "Pamplona 15th"]
[Site "Pamplona"]
[Date "2005.12.25"]
[Round "3"]
[White "Tiviakov, Sergei"]
[Black "Ponomariov, Ruslan"]
[Result "1/2-1/2"]
[WhiteElo "2700"]
[BlackElo "2704"]
[Annotator "Tiviakov,S"]
[PlyCount "134"]
[EventDate "2005.12.23"]
[EventType "tourn"]
[EventRounds "7"]
[EventCountry "ESP"]
[EventCategory "16"]
[SourceTitle "CBM 111"]
[Source "ChessBase"]
[SourceDate "2006.04.04"]
[SourceVersion "1"]
[SourceVersionDate "2006.04.04"]
[SourceQuality "1"]

1. e4 c5 2. c3 Nf6 3. e5 Nd5 4. Nf3 d6 5. exd6 e6 6. d4 Bxd6 7. dxc5 Bxc5 8.
Bd3 (8. Bb5+ Bd7 9. Bxd7+ Nxd7 $11 {1/2-1/2 Tartakower,S-Reti,R/Baden-Baden
1925/HCL (78)}) 8... O-O 9. Qc2 $146 (9. O-O Nc6 {- 8...Nc6 9.0-0 0-0} (9... g6
$6 10. Bh6 Re8 11. Qc2 Bf8 12. Bxf8 Rxf8 13. Rd1 Qc7 14. Nbd2 b6 15. a3 Bb7 16.
Qa4 Nd7 17. Qh4 Qf4 18. Qxf4 Nxf4 19. Be4 Bxe4 20. Nxe4 Nd5 21. Rd2 N7f6 22.
Nxf6+ Nxf6 23. Rad1 Rac8 24. Rd4 b5 25. a4 bxa4 26. Rxa4 Rfd8 27. Rda1 Rc7 28.
Kf1 Rb8 29. R1a2 Rbb7 30. Ra6 Kf8 31. Ke2 Nd5 32. g3 Rb6 33. Ne5 Rxa6 34. Rxa6
Rb7 35. Ra2 Rc7 36. Kd3 f6 37. Nf3 e5 38. Ra5 Nb6 39. b3 Ke7 40. c4 Kd7 41. c5
Nd5 42. Kc4 Ne7 43. b4 Nc6 44. Ra6 e4 45. Nd4 Nxd4 46. Kxd4 f5 47. Kd5 Ke7 48.
b5 Rb7 49. b6 axb6 50. cxb6 Kd7 51. Ra7 Kc8 52. Kc6 {1-0 Hansen,B-Bjerno,L/Em
1999/Inforbase 2003 (52)}) (9... h6 $6 10. Ne5 Nd7 11. Nxd7 Bxd7 12. Qh5 Bd6
13. c4 Nf4 14. Bxf4 Bxf4 15. Qf3 Qc7 16. g3 Be5 17. Qe2 Bc6 18. Na3 a6 19. Rad1
Rad8 20. b4 Bf6 21. Be4 Bxe4 22. Qxe4 Bb2 23. Nc2 Rd7 24. Rxd7 Qxd7 25. Ne3 Bf6
26. Rd1 Qc7 27. a4 Be7 28. b5 Bc5 29. Ng2 Rd8 30. Rxd8+ Qxd8 31. Nf4 Qd1+ 32.
Kg2 Qd2 33. Qe2 Qa5 34. Nxe6 fxe6 35. Qxe6+ Kh8 36. Qc8+ Kh7 37. Qf5+ Kh8 38.
Qxc5 axb5 39. Qc8+ Kh7 40. Qxb7 Qxa4 41. cxb5 {1-0 Rodriguez Lopez,G-Lorinczi
Retek,P/Asturias 1998/EXT 2005 (41)}) (9... Nd7 {/\N7f6})) 9... h6 (9... g6 $6
{׻}) 10. O-O Nc6 11. Rd1 (11. Nbd2 $5) 11... Qc7 (11... Qf6 $5) 12. a3 $5 {
[/\b4, c4]} (12. Qa4 $5 {/\Qe4, /\Qh4, |^>>}) (12. Nbd2) 12... b6 13. Nbd2 $6 (
13. b4 $142 Be7 14. c4 Nf6 15. Nc3 Bb7 $11 {/\a5}) (13. c4 Nf6 14. b4 Nd4 $5 (
14... Be7 {- 13.b4}) 15. Nxd4 Bxd4 $11) 13... Bb7 14. Ne4 Be7 15. c4 Nf4 (15...
Nf6 16. b3 $11) 16. Bf1 Rad8 (16... Ne5 $142 $15) 17. Be3 Ng6 (17... Ne5 18.
Nxe5 Qxe5 19. Ng3 $11) 18. Rxd8 Rxd8 19. Re1 (19. Rd1 $142 $6 $11) 19... Nge5
20. Nxe5 Qxe5 21. Ng3 Bf6 $6 (21... Bc5 $15) 22. b4 Qb2 23. Qxb2 Bxb2 24. Bc1
Bc3 (24... Bxc1 25. Rxc1 $11) 25. Re3 Bd4 (25... Bd2 26. Bxd2 Rxd2 $11) 26. Rd3
a5 $6 (26... Kf8 $11) (26... f6 $11) 27. b5 Ne5 $8 (27... Ne7 28. Bf4 $18) 28.
Rxd4 Rxd4 29. Bb2 Rxc4 30. Bxe5 Rc2 $13 {_|_} 31. f3 (31. Bd4 Ra2 (31... a4 32.
Ne2 (32. Bxb6 Rc3 {/\Ra3, o^a4}) (32. Nh5 e5 $5 33. Bxb6 Rc3 $13) 32... Bd5 33.
Nc3 Bb3 $13) 32. Nh5 $5 (32. Bxb6 Rxa3 {o^a5}) 32... Rxa3 (32... f6 33. Bc4)
33. Bxg7 Bd5 (33... a4 $2 34. Bc4 $1 Bd5 35. Bb2 $18) (33... Kh7 34. Bd4 Kg6
35. Nf4+ Kf5 36. Nd3 $16) 34. Bd4 a4 35. Nf6+ Kf8 36. Bxb6 Rb3 $13) (31. Ne2 $6
Rc5 32. f4 Rxb5) 31... Bd5 32. Ne4 (32. Bd4 Ra2 33. Nh5 Rxa3 34. Bxg7 a4 35.
Bd4 Rb3 (35... Ra2 $2 {(צa2)} 36. Nf6+ Kf8 37. Bxb6 a3 38. Bc5+ Kg7 39. Nxd5
exd5 40. Bd4+ Kg6 41. Bd3+ $18) 36. Nf6+ Kf8 37. Bxb6 a3 38. Bc5+ Kg7 39. Bd4
Kf8 $11 (39... Kg6 40. Kf2 a2 41. b6 $14 {עg6})) 32... f6 (32... Bc4 33. Bxc4
Rxc4 34. Kf2 $14) 33. Bd6 (33. Bd4 Ra2 34. Bxb6 (34. Nc3 Rxa3 35. Nxd5 exd5 36.
Bxb6 a4 37. Bd4 Rb3 38. b6 a3 $17) 34... Rxa3 35. Bc5 (35. Kf2 a4 36. Be2 Ra1
37. Bd4 Rc1 38. Nc3 a3 39. b6 a2 40. Nxd5 exd5 41. b7 Rb1 42. Ba6 Kf7 $17)
35... Ra1 (35... Rb3 36. Kf2 a4 37. Nd2 Rb2 38. Ke1 Ra2 39. Bd3 $14) 36. Kf2 a4
37. Bd4 (37. Nc3 a3 $17) 37... Rc1 (37... Rd1 38. Bc5 Ra1 $11) 38. Nc3 a3 39.
Nxd5 exd5 40. b6 a2 41. Bb5 (41. b7 Rb1 42. Ba6 Kf7 $17) 41... a1=Q 42. Bxa1
Rb1 43. Bc6 Rxa1 44. Bxd5+ Kf8 45. b7 Rb1 $17) 33... Bxe4 (33... Bc4 34. Bxc4
Rxc4 35. Kf1 (35. g4 f5 36. gxf5 exf5 37. Ng3 Kf7 38. Ne2 Ke6 $13) 35... Rc2 (
35... e5 36. Ke2 Rc2+ 37. Nd2 Kf7 38. Kd3 $14) 36. g4 e5 37. h4 Kf7 38. h5 $14)
34. fxe4 Kf7 35. e5 fxe5 (35... f5 $5) 36. Bxe5 Ra2 37. Bd6 (37. Bc7 Rxa3 38.
Bxb6 a4 39. Bd4 (39. Bc5 Rb3 40. b6 a3 $19) 39... Rb3 40. b6 a3 41. Ba6 Rb1+
42. Kf2 e5 (42... a2 43. b7 $11) 43. Bxe5 Rxb6 44. Bc4+ $11) 37... Kf6 38. g3
$2 (38. Bc7 Rxa3 39. Bxb6 a4 40. Bc5 Rb3 41. b6 a3 42. Bc4 Rb1+ 43. Kf2 $11)
38... e5 39. Bc7 $6 (39. Bh3 $5) 39... Rxa3 40. Bxb6 a4 41. Bd8+ Kf5 42. b6 (
42. Be7 Rb3 43. Bc4 Rc3 44. Bd5 a3 $19) 42... Rb3 43. Bc4 Rb4 $2 (43... Rb1+
44. Kf2 Ke4 $1 $17) 44. Bd5 a3 45. Bc7 Rb5 46. Bc4 Rb4 47. Bd5 Rb5 48. Bc4 (48.
b7 $4 Rxb7 $19) 48... Rb1+ 49. Kf2 Ke4 50. Bd6 Kd4 51. Bg8 Rb2+ 52. Kf1 Rxb6
53. Bxa3 Kd3 (53... e4 54. Ke2 $11) 54. Bc5 Rc6 55. Ba7 e4 (55... g5 56. Bh7+
e4 57. Bf5 $11) 56. h4 $1 Ra6 (56... e3 57. Bxe3 Kxe3 58. Bd5 $11) 57. Bf2 Rf6
58. Kg2 Kd2 (58... e3 59. Bxe3 Kxe3 60. Bd5 $11) 59. Bc4 e3 60. Bxe3+ Kxe3 61.
Bd5 Rd6 62. Bb7 Rd2+ 63. Kg1 Rb2 64. Bc6 Kd4 65. Bf3 Ke5 66. Kf1 Kf5 67. Kg1 g5
$11 {_|_} 1/2-1/2

[Event "PCA-Wch Candidates m1"]
[Site "New York"]
[Date "1994.??.??"]
[Round "6"]
[White "Adams, Michael"]
[Black "Tiviakov, Sergei"]
[Result "1-0"]
[WhiteElo "2660"]
[BlackElo "2630"]
[Annotator "Tiviakov,S"]
[PlyCount "85"]
[EventDate "1994.06.??"]
[EventType "match"]
[EventRounds "8"]
[EventCountry "USA"]
[SourceTitle "CBM 042"]
[Source "ChessBase"]
[SourceDate "1994.10.01"]
[SourceVersion "1"]
[SourceVersionDate "1994.10.01"]
[SourceQuality "1"]

1. e4 {Ftacnik Blatny,P} c5 2. c3 d5 3. exd5 Qxd5 4. d4 Nf6 5. Nf3 Nc6 6. Be3 (
6. Be2 cxd4 7. cxd4 e6 8. O-O Be7 9. Nc3 Qd6 10. Nb5 Qd8 11. Bf4 {Polgar,
J-Tiviakov,S/Madrid/1994/}) 6... cxd4 7. cxd4 e6 8. Nc3 Qd6 9. a3 Be7 10. Bd3
O-O 11. O-O b6 12. Qe2 Bb7 13. Rad1 Rad8 (13... Rac8 {Blatny,P} 14. Rfe1 Rfd8
15. Bc1 h6 $6 {גb1-h7,><g6} 16. Bb1 Bf8 $14 {Rozentalis-Andersson (4)/Tilburg/
1993/}) (13... Rfd8 {Ftacnik}) 14. Bg5 (14. Rfe1 {Van Mil-Tiviakov,S/Tilburg/
1992/}) (14. Bb1 {Rozentalis-Goldin/Vilnius/1988/}) 14... g6 15. Bc4 Rfe8 16.
Rfe1 Nd5 (16... Nh5 {Blatny,P} 17. d5 $5 (17. Ne4 Qc7) 17... exd5 18. Rxd5 $1
Qc7 (18... Nf4 19. Bxf4 Qxf4 20. Rxd8 $1 Nxd8 21. Bb5 $1 $18 {/\Nd5,<->e}) 19.
Rxd8 Qxd8 20. Nd5 $40) (16... Qb8 $5 {Ftacnik}) 17. Bxd5 (17. Ne4 $14) 17...
exd5 18. Qd2 (18. Bxe7 Rxe7 19. Qd3 $10) 18... f6 19. Bf4 Qd7 20. b4 g5 (20...
Bf8 {/\ Ne7}) (20... Rc8 $10 {Blatny,P}) (20... Bf8 {Ftacnik /\ Ne7}) 21. Bg3
Bf8 22. h4 h6 23. hxg5 hxg5 24. Rxe8 Rxe8 25. Qa2 Ne7 $4 (25... Nd8 {/\ Nf7=/+}
) (25... Nd8 $142 {Blatny,P :Ne4-d6}) (25... Rd8 {Ftacnik /\ Kg7}) 26. Ne4 $1
Bg7 27. Nd6 Rd8 28. Rc1 Bc6 (28... Ba8 $5) (28... Ba8 {Blatny,P} 29. b5 Nc8 $5)
29. Qe2 Ba8 (29... Nc8 $142 {Blatny,P} 30. b5 (30. Nf5 $5 Re8 31. Qc2 Ba4 32.
Qb1 $40) 30... Ba8 (30... Nxd6 31. bxc6 Qc8 (31... Qc7 $2 32. Qe6+ Kh8 (32...
Qf7 33. c7 $18) 33. Bxd6 Rxd6 34. Qxd6 $1 $18) 32. c7 (32. Qe7 $5) 32... Re8
33. Qa2 Nc4 34. Rxc4 $1 dxc4 35. Qxc4+ Kh8 36. d5 $18 {/\Qc6,d6;/\Nd4-b5}) 31.
Rc7 $5 (31. Nxc8 $142 Rxc8 32. Rxc8+ Qxc8 33. Qe7 $14 {ץa8}) 31... Qxc7 32.
Qe6+ Kf8 $140 $2 (32... Kh7 33. Qh3+ $10) 33. Nxc8 Qf7 (33... Qxc8 34. Bd6+ $18
) 34. Bd6+ Rxd6 (34... Kg8 35. Ne7+ Kf8 36. Nc6+ Rxd6 37. Qxd6+ Kg8 38. Ne7+
Kh7 39. Qh2+ Bh6 40. Nf5 Qf8 41. g4 $1 Kg6 42. Nxh6 Qxh6 43. Qb8 $18) 35. Qxd6+
Kg8 36. Ne7+ Kh7 37. Qh2+ Bh6 38. Nf5 Qf8 39. g4 $1 Kg6 40. Nxh6 Qxh6 41. Qb8
$18) 30. Qd3 Bf8 31. b5 Bh6 32. Re1 Rf8 33. Nh2 Bg7 34. Nf1 f5 35. Be5 Ng6 36.
Ng3 Bxe5 37. dxe5 $18 Nh4 (37... Nxe5 {Ftacnik} 38. Rxe5 Qxd6 39. Rxf5 Rxf5 40.
Nxf5 Qe5 41. Nd4 $18) 38. Ndxf5 $1 Nxf5 39. e6 Qh7 40. Nxf5 Bb7 (40... Qxf5 {
Blatny,P} 41. Qxf5 Rxf5 42. e7 $18) 41. e7 Re8 42. Re6 Bc8 (42... d4 {Blatny,P}
43. Rh6 $18) 43. Qxd5 (43. Qxd5 {Blatny,P} Bxe6 44. Qxe6+ Kh8 (44... Qf7 45.
Nh6+ $18) 45. Qf6+ Kg8 46. Nh6+ $18) 1-0